Cases and materials on criminal law / (Record no. 261)

MARC details
000 -LEADER
fixed length control field 01002cam a2200313 a 4500
001 - CONTROL NUMBER
control field 4511096
003 - CONTROL NUMBER IDENTIFIER
control field OSt
005 - DATE AND TIME OF LATEST TRANSACTION
control field 20110720123236.0
008 - FIXED-LENGTH DATA ELEMENTS--GENERAL INFORMATION
fixed length control field 980202s1997 sa 000 0 eng
010 ## - LIBRARY OF CONGRESS CONTROL NUMBER
LC control number 98110163
020 ## - INTERNATIONAL STANDARD BOOK NUMBER
International Standard Book Number 04021599308
035 ## - SYSTEM CONTROL NUMBER
System control number (DLC) 98110163
040 ## - CATALOGING SOURCE
Original cataloging agency DLC
Transcribing agency DLC
Modifying agency DLC
043 ## - GEOGRAPHIC AREA CODE
Geographic area code f-sa---
050 00 - LIBRARY OF CONGRESS CALL NUMBER
Classification number KTL3800
Item number .M55 1997
082 00 - DEWEY DECIMAL CLASSIFICATION NUMBER
Classification number 345.026 ELL
Edition number 21
100 1# - MAIN ENTRY--PERSONAL NAME
Personal name Elliott and Wood's.
9 (RLIN) 772
245 10 - TITLE STATEMENT
Title Cases and materials on criminal law /
Statement of responsibility, etc Elliott and Wood's.
250 ## - EDITION STATEMENT
Edition statement 7th ed.
260 ## - PUBLICATION, DISTRIBUTION, ETC. (IMPRINT)
Place of publication, distribution, etc London :
Name of publisher, distributor, etc Sweet and Maxwell.,
Date of publication, distribution, etc 1997.
300 ## - PHYSICAL DESCRIPTION
Extent Ixi, 875 p. ;
Dimensions 25 cm.
500 ## - GENERAL NOTE
General note .
650 #0 - SUBJECT ADDED ENTRY--TOPICAL TERM
Topical term or geographic name as entry element Criminal law
Geographic subdivision South Africa
General subdivision Cases.
9 (RLIN) 773
700 1# - ADDED ENTRY--PERSONAL NAME
Dates associated with a name 1939-
9 (RLIN) 774
906 ## - LOCAL DATA ELEMENT F, LDF (RLIN)
a 7
b cbc
c orignew
d 3
e ncip
f 19
g y-gencatlg
942 ## - ADDED ENTRY ELEMENTS (KOHA)
Source of classification or shelving scheme Dewey Decimal Classification
Koha item type Books
Holdings
Withdrawn status Lost status Source of classification or shelving scheme Damaged status Not for loan Home library Current library Shelving location Date acquired Total Checkouts Full call number Barcode Date last seen Price effective from Koha item type
    Dewey Decimal Classification     Law Development Centre Main Library Law Development Centre Main Library Text Books and Laws 04/11/2011   345.026 ELL 2011/2260 04/11/2011 04/11/2011 Books